000 01007nam a2200337 4500
001 410818
003 DO-SdBNP
005 20180221093024.0
007 410818
008 940726s1993 sp | |||| ||spa
016 7 _a
_2BPMSU
017 _a
_b
020 _a8434825465
035 _a
040 _aBPMSU
_bspa
_cBPMSU
_e
041 1 _aspa
_h
080 0 _a
100 1 _aSennell, Joles
_d1945-
240 1 3 _aLa rosa de sant Jordi
_lespañol
245 1 3 _aLa rosa de San Jorge /
_cJoles Sennell ; ilustraciones de Roser Capdevila ; [traducción del catalán, Manuel Barbadillo]
_h
250 _a4ª ed.
260 _aMadrid :
_bSM,
_c1993
300 _a63 p.;
_bil.:
_c20 cm,
490 1 _aEl barco de vapor. [Serie blanca]
_v30
700 1 _aCapdevila, Roser
_d1939-
_eil.
700 1 _aBarbadillo, Manuel
_d1928-2007
_etr.
830 3 _aEl barco de vapor.
_pSerie blanca
_v30
942 _2ddc
_cBK
945 _ainventariado, 2018 / dg
956 _aVMATEO
_210
_320151126
_6BPMSU
_800151
999 _c8931
_d8931